000 00283nam a2200121Ia 4500
005 20251222141952.0
008 251222s9999||||xx |||||||||||||| ||spa||
082 _a371.3/B71
100 _aBojorquez Dolores, Isabel
245 0 _aDidáctica General:
264 _bAbedul
942 _cLIB
999 _c9707
_d9707